| 000 | 00794nam a2200193 i 4500 | ||
|---|---|---|---|
| 001 | 55939 | ||
| 003 | ES-MaACL | ||
| 005 | 20230906163242.0 | ||
| 007 | t| | ||
| 008 | 030930s1916 sp ||||1| spa d | ||
| 100 | 1 |
_aDíaz de Escovar, Narciso. _944225 |
|
| 245 | 1 | 0 |
_aGuitarra malagueña _b: nueva colección de coplas, en su mayoría inéditas y no incluídas en sus anteriores colecciones / _coriginales de Narciso Díaz de Escovar. Serie A ; con soneto-prólogo de los eminentes escritores D. Serafín y D. Joaquín Álvarez Quintero. |
| 260 |
_aMálaga : _b[s.n.], _c1916. |
||
| 300 |
_a96 p. ; _c16 cm. |
||
| 700 | 1 |
_aÁlvarez Quintero, Joaquín, _d1873-1944 _920922 |
|
| 700 | 1 |
_aÁlvarez Quintero, Serafín, _d1871-1938 _9226443 |
|
| 852 |
_aES-MaACL _j1547-F-6 |
||
| 999 |
_c55939 _d55939 |
||